[Event "Rochade Steele/Kray 1 - SF Kirchhellen "]
[Site "Verbandsklasse, Gruppe 2 2017"]
[Date "2017.11.05"]
[Round "3.2"]
[White "Landau, Christian"]
[Black "Hoffterheide, Thomas"]
[Result "1/2-1/2"]
[WhiteElo "2040"]
[BlackElo "2003"]
[Annotator "Daniel"]
[PlyCount "59"]
[EventDate "2017.??.??"]

1. Nf3 Nf6 2. g3 c6 3. Bg2 d5 4. O-O g6 5. d4 Bg7 6. c4 O-O 7. Nbd2 Nbd7 8. b3
Re8 9. Bb2 a5 10. Re1 a4 11. e4 dxe4 12. Nxe4 Nxe4 13. Rxe4 axb3 14. Qxb3 Qb6
15. Ree1 Ra6 16. Bc3 Qa7 17. a4 c5 18. d5 Rb6 19. Qc2 Bxc3 20. Qxc3 Rb4 21.
Reb1 Rxb1+ 22. Rxb1 b6 23. Ra1 Ba6 24. Bf1 Rb8 $11 25. Ne5 Nxe5 26. Qxe5 Re8
27. Rb1 Bc8 28. d6 Be6 29. dxe7 Rxe7 30. Qd6 1/2-1/2

[Event "Rochade Steele/Kray 1 - SF Kirchhellen "]
[Site "Verbandsklasse, Gruppe 2 2017"]
[Date "2017.11.05"]
[Round "3.3"]
[White "Borgs, Martin"]
[Black "Greger, Helmut"]
[Result "1-0"]
[WhiteElo "1975"]
[BlackElo "1950"]
[Annotator "Daniel"]
[PlyCount "109"]
[EventDate "2017.??.??"]

1. d4 Nf6 2. Nf3 g6 3. c4 Bg7 4. g3 O-O 5. Bg2 d6 6. O-O c6 7. Nc3 Nbd7 8. Qc2
e5 9. b3 Re8 10. dxe5 dxe5 11. Rd1 Qc7 12. e3 h6 13. Bb2 Nc5 14. e4 Bg4 15. h3
Bxf3 16. Bxf3 Ne6 17. Ne2 c5 18. Bg2 Nd4 19. Bxd4 cxd4 20. Qd3 Nd7 21. Nc1 $11
Nc5 22. Qe2 Rad8 23. Nd3 Nxd3 24. Qxd3 Bf8 25. Rac1 Bb4 26. h4 Re6 27. h5 Rf6
28. Rc2 Kg7 29. Bf3 Rdd6 30. Bg4 Ra6 31. hxg6 fxg6 32. Kg2 Ra3 33. f4 Bc3 34.
Rxc3 dxc3 35. Qxc3 Rxa2+ 36. Kh3 Rf7 37. Rd5 Re7 38. fxe5 h5 39. e6+ Kg8 40.
Bf3 Rxe6 41. Qd4 Re7 42. Rd8+ Kf7 43. Qh8 Qe5 44. Qg8+ Kf6 45. Rf8+ Kg5 46.
Rf5+ Qxf5+ 47. exf5 Kxf5 48. Qf8+ Ke6 49. Bd5+ Kd7 50. Kh4 Rh2+ 51. Kg5 Rh3 52.
Kf6 Re3 53. c5 Rhxg3 54. Qd6+ Ke8 55. Bf7# 1-0

[Event "Rochade Steele/Kray 1 - SF Kirchhellen "]
[Site "Verbandsklasse, Gruppe 2 2017"]
[Date "2017.11.05"]
[Round "3.4"]
[White "Kirsch, Paul"]
[Black "Schlueter, Christoph"]
[Result "1/2-1/2"]
[WhiteElo "1930"]
[BlackElo "1953"]
[PlyCount "26"]
[EventDate "2017.??.??"]

1. d4 Nf6 2. Nf3 g6 3. g3 b5 4. Bg2 Bb7 5. O-O Bg7 6. Nc3 a6 7. Bg5 O-O 8. a3
Ne4 9. Nxe4 Bxe4 10. Qd2 d6 11. Bh6 Nd7 12. Bxg7 Kxg7 13. Nh4 Bxg2 1/2-1/2

[Event "Rochade Steele/Kray 1 - SF Kirchhellen "]
[Site "Verbandsklasse, Gruppe 2 2017"]
[Date "2017.11.05"]
[Round "3.5"]
[White "Belitz, Marco"]
[Black "Ophoven, Hermann"]
[Result "1/2-1/2"]
[WhiteElo "1835"]
[BlackElo "1734"]
[PlyCount "24"]
[EventDate "2017.??.??"]

1. e4 g6 2. d4 Bg7 3. Nc3 d6 4. Be3 c6 5. Qd2 b5 6. a3 a6 7. Nf3 Nd7 8. Be2 Qc7
9. O-O Ngf6 10. h3 O-O 11. Rad1 Bb7 12. Nh2 c5 1/2-1/2

[Event "Rochade Steele/Kray 1 - SF Kirchhellen "]
[Site "Verbandsklasse, Gruppe 2 2017"]
[Date "2017.11.05"]
[Round "3.6"]
[White "Schmitz, Juergen"]
[Black "Gajda, Peter"]
[Result "1/2-1/2"]
[WhiteElo "1861"]
[BlackElo "1812"]
[PlyCount "118"]
[EventDate "2017.??.??"]

1. e4 g6 2. Nc3 Bg7 3. f4 d6 4. Nf3 c5 5. Bc4 Nc6 6. O-O Na5 7. Be2 a6 8. d4
cxd4 9. Nxd4 Qb6 10. Be3 Qxb2 11. Nd5 Rb8 12. Rb1 Qa3 13. Nc7+ Kd8 14. Nd5 e6
15. Nb3 exd5 16. Bb6+ Ke8 17. Nxa5 Qxa2 18. Nb3 Ne7 19. Bc7 Ra8 20. Bxd6 Qa4
21. Bxe7 Kxe7 22. Qxd5 Qd7 23. Qa5 Qd8 24. Qg5+ Ke8 25. Qg3 Be6 26. Rbd1 Qb6+
27. Kh1 Bxb3 28. cxb3 Rd8 29. Bc4 Ke7 30. h3 h5 31. Bd5 Rc8 32. f5 Rc3 33. Qf4
gxf5 34. Qxf5 Qf6 35. Bxf7 Qxf5 36. Rxf5 h4 37. Bd5 Rf8 38. Rh5 Rh8 39. Rg5 Bf6
40. Rf5 Rhc8 41. Rdf1 Bd4 42. Bxb7 Rg8 43. Rh5 Rc2 44. e5 Bf2 45. Bxa6 Rg3 46.
Bc4 Re3 47. Rf5 Bg3 48. Rf7+ Kd8 49. Rf8+ Kc7 50. R1f7+ Kb6 51. e6 Rc1+ 52. Rf1
Rxf1+ 53. Rxf1 Kc6 54. Rd1 Bd6 55. Kg1 Bg3 56. Kf1 Re5 57. b4 Re3 58. b5+ Kc5
59. Rc1 Kb6 1/2-1/2

[Event "Rochade Steele/Kray 1 - SF Kirchhellen "]
[Site "Verbandsklasse, Gruppe 2 2017"]
[Date "2017.11.05"]
[Round "3.7"]
[White "Langer, Raimund"]
[Black "Borger, Alexander"]
[Result "1/2-1/2"]
[WhiteElo "1764"]
[BlackElo "1886"]
[PlyCount "53"]
[EventDate "2017.??.??"]

1. e4 c5 2. Nf3 e6 3. d4 cxd4 4. Nxd4 Nc6 5. Nc3 Qc7 6. Be2 Nf6 7. O-O a6 8.
Be3 Be7 9. Kh1 O-O 10. f4 d6 11. Qe1 Bd7 12. Rd1 b5 13. a3 Rac8 14. Qg3 Nxd4
15. Bxd4 Bc6 16. Bd3 Qb7 17. Rde1 a5 18. e5 Ne8 19. Ne4 Bxe4 20. Bxe4 d5 21.
Bd3 Bc5 22. Bxc5 Rxc5 23. Qh4 g6 24. Rf3 f5 25. exf6 Rxf6 26. Rfe3 Qf7 27. g3
1/2-1/2

[Event "Rochade Steele/Kray 1 - SF Kirchhellen "]
[Site "Verbandsklasse, Gruppe 2 2017"]
[Date "2017.11.05"]
[Round "3.8"]
[White "Schroeder, Marcel"]
[Black "Bessert, Michael"]
[Result "1/2-1/2"]
[WhiteElo "1522"]
[BlackElo "1748"]
[PlyCount "34"]
[EventDate "2017.??.??"]

1. c4 Nf6 2. Nc3 e6 3. e4 d6 4. d4 Be7 5. Nf3 Nbd7 6. Bd3 e5 7. Bc2 h6 8. O-O
O-O 9. Re1 c6 10. Be3 Ng4 11. Bc1 Bh4 12. g3 Be7 13. h3 Ngf6 14. Kg2 Re8 15.
Qd3 exd4 16. Qxd4 Qb6 17. Qxb6 Nxb6 1/2-1/2

[Event "SK Germania Kupferdreh 1 - Matt Inn Dor"]
[Site "Verbandsklasse, Gruppe 2 2017"]
[Date "2017.11.05"]
[Round "3.1"]
[White "Schulenburg, Pit"]
[Black "Unteregge, Michael"]
[Result "1/2-1/2"]
[WhiteElo "2080"]
[BlackElo "2019"]
[PlyCount "87"]
[EventDate "2017.??.??"]

1. g3 e5 2. d3 d5 3. Nf3 Bd6 4. Bg2 Nf6 5. O-O O-O 6. c3 c6 7. Qc2 Bg4 8. e4
dxe4 9. dxe4 Qc7 10. Nbd2 Nbd7 11. Nc4 Bc5 12. b4 Be7 13. Ne3 Bxf3 14. Bxf3 g6
15. a3 Rfd8 16. Bb2 Nf8 17. Rad1 Ne6 18. Bg2 Rxd1 19. Rxd1 Rd8 20. Rxd8+ Qxd8
21. h4 Bd6 22. Bh3 Qe7 23. Qd3 Bc7 24. Kg2 Nh5 25. Bxe6 Qxe6 26. c4 b6 27. a4
Nf6 28. b5 c5 29. Bc1 Bd6 30. Bd2 Bc7 31. f3 h5 32. Nd1 Kg7 33. Nc3 Bd6 34. a5
Bc7 35. a6 Bd6 36. Bg5 Ne8 37. Nd5 Nc7 38. Bd8 Nxd5 39. Qxd5 Bb8 40. Qxe6 fxe6
41. Kf2 Kf7 42. Bg5 Bc7 43. Be3 Kf6 44. Ke2 {(=)} 1/2-1/2

[Event "SK Germania Kupferdreh 1 - Matt Inn Dor"]
[Site "Verbandsklasse, Gruppe 2 2017"]
[Date "2017.11.05"]
[Round "3.2"]
[White "Krimphoff, Ingo"]
[Black "König, Christian"]
[Result "0-1"]
[WhiteElo "1936"]
[BlackElo "1973"]
[PlyCount "62"]
[EventDate "2017.??.??"]

1. Nf3 Nf6 2. d4 g6 3. Bf4 Bg7 4. e3 d6 5. Be2 O-O 6. h3 Nfd7 7. O-O e5 8. Bh2
e4 9. Nfd2 f5 10. c4 Nc6 11. Nc3 Nf6 12. Rb1 Ne7 13. b4 g5 14. Qc2 Ng6 15. f3
exf3 16. Nxf3 Qe7 17. Nd1 g4 18. Nd2 Bh6 19. Bd3 gxh3 20. Rf3 hxg2 21. Bxf5
Bxf5 22. Qxf5 Nh4 23. Rg3+ Kh8 24. Qd3 Rae8 25. Rh3 Ng4 26. Bg3 Nf5 27. Kxg2
Bxe3 28. Nxe3 Ngxe3+ 29. Kg1 Nxg3 30. Rxg3 Qh4 31. Nf1 Rxf1+ 0-1

[Event "SK Germania Kupferdreh 1 - Matt Inn Dor"]
[Site "Verbandsklasse, Gruppe 2 2017"]
[Date "2017.11.05"]
[Round "3.3"]
[White "Böhmfeldt, Bruno"]
[Black "Zagrabski, Kevin"]
[Result "0-1"]
[WhiteElo "2259"]
[BlackElo "1883"]
[PlyCount "118"]
[EventDate "2017.??.??"]

1. g3 d5 2. d3 Nf6 3. Bg2 c6 4. Nf3 Bg4 5. h3 Bh5 6. O-O e6 7. Nbd2 Bc5 8. e4
O-O 9. Qe2 Nbd7 10. Nb3 Bb6 11. Bf4 e5 12. Bd2 dxe4 {(=)} 13. dxe4 Qe7 14. Bc3
a5 15. a4 Rfe8 16. Qe1 Nc5 17. Nfd2 Nxb3 18. Nxb3 Qc7 19. g4 Bg6 20. Rd1 h6 21.
Qe2 Nh7 22. Rd3 f6 23. Rfd1 Nf8 24. Qe1 Bf7 25. Nc1 Be6 26. b3 Qf7 27. Bd2 h5
28. Bf3 Qg6 29. Qe2 hxg4 30. Bxg4 f5 31. exf5 Bxf5 32. Rg3 Bxc2 33. Re1 Bf5 34.
Kg2 Re6 35. Bh5 Qh7 36. Bg5 Bc7 37. Bg4 e4 38. Bxf5 Qxf5 39. Rg4 Rae8 40. Rg1
Ng6 41. Be3 Ne5 42. Rg5 Qf3+ 43. Kf1 Qxh3+ 44. R1g2 Nf3 45. Rxg7+ Kh8 46. Qc4
Qh1+ 47. Rg1 Nxg1 48. Rxg1 Qh3+ 49. Ke1 Qf5 50. Rg5 Qf6 51. Qe2 Qf3 52. Qc4 Bf4
53. Qd4+ Re5 54. Rxe5 Bxe5 55. Qc4 Rd8 56. Qc2 Kh7 57. Na2 Rd3 58. Nc1 Bc3+ 59.
Kf1 Rd1+ 0-1

[Event "SK Germania Kupferdreh 1 - Matt Inn Dor"]
[Site "Verbandsklasse, Gruppe 2 2017"]
[Date "2017.11.05"]
[Round "3.4"]
[White "Wuthcke, Dieter"]
[Black "Kromat, Stefan"]
[Result "1/2-1/2"]
[WhiteElo "1831"]
[BlackElo "1749"]
[PlyCount "97"]
[EventDate "2017.??.??"]

1. d4 d6 2. c4 Nf6 3. Nc3 Nbd7 4. e4 e5 5. d5 Be7 6. Bd3 O-O 7. Nge2 a5 8. h3
Nc5 9. O-O Ne8 10. f4 exf4 11. Bxf4 Bg5 12. Bc2 Bxf4 13. Nxf4 Nf6 14. Qf3 Nfd7
15. Qg3 Qe7 16. a3 Ne5 17. b3 h6 {(=)} 18. Nh5 Qg5 19. Qxg5 hxg5 20. Nb5 Na6
21. Ng3 g4 22. h4 Ng6 23. h5 Ne5 24. Rf4 Bd7 25. Nd4 Nc5 26. Rd1 Ra6 27. Ngf5
a4 28. b4 Nb3 29. Ne3 Nxd4 30. Rxd4 c5 31. dxc6 Rxc6 32. Bxa4 Ra6 33. Bxd7 Nxd7
34. Rd3 Ne5 35. Rc3 Rfa8 36. Nc2 Rc6 37. c5 dxc5 38. bxc5 b6 39. Ne3 Rxc5 40.
Rxc5 {(=)} 40... bxc5 41. Nc2 Ra4 42. Kh2 Rc4 43. Ne3 Rc3 44. Nxg4 Nxg4+ 45.
Rxg4 Rxa3 46. Rg5 Re3 47. Rxc5 Rxe4 48. Kg3 f6 49. Kf3 1/2-1/2

[Event "SK Germania Kupferdreh 1 - Matt Inn Dor"]
[Site "Verbandsklasse, Gruppe 2 2017"]
[Date "2017.11.05"]
[Round "3.5"]
[White "Fork, Raphael"]
[Black "Bendel, Rüdiger"]
[Result "1-0"]
[WhiteElo "1834"]
[BlackElo "1926"]
[PlyCount "93"]
[EventDate "2017.??.??"]

1. e4 c5 2. Nf3 e6 3. Nc3 a6 4. d3 b5 5. a4 b4 6. Ne2 Bb7 7. Ng3 Qc7 8. Be2 d5
9. c3 Nd7 10. Qc2 a5 11. Bd2 Bd6 12. exd5 Bxd5 13. Ne4 b3 14. Nxd6+ Qxd6 15.
Qd1 Bxf3 16. Bxf3 Rb8 17. Be3 Ne5 18. Be2 Qc6 19. O-O Rd8 20. d4 c4 21. Qc1 Ng6
{(=)} 22. Ra3 N8e7 23. Rxb3 Qxa4 24. Ra3 Qc6 25. Rxa5 Rd5 26. Qa1 Rxa5 27. Qxa5
Nf5 28. Ra1 O-O 29. Bf3 Qd6 30. Qc5 Qxc5 31. dxc5 Nxe3 32. fxe3 Rc8 33. Ra8
Rxa8 34. Bxa8 Kf8 35. Bc6 Ne5 36. Bb5 Ke7 37. h3 Nd3 38. b4 Nb2 39. Kf2 Nd1+
40. Kf3 Nxc3 41. Bxc4 g5 42. e4 h5 43. Ke3 f5 44. exf5 exf5 45. Kd4 Nd1 46. Be2
Nf2 47. Bxh5 1-0

[Event "SK Germania Kupferdreh 1 - Matt Inn Dor"]
[Site "Verbandsklasse, Gruppe 2 2017"]
[Date "2017.11.05"]
[Round "3.6"]
[White "Bauriedel, Friedrich"]
[Black "Schmitz, Martin"]
[Result "1/2-1/2"]
[WhiteElo "1819"]
[BlackElo "1810"]
[PlyCount "34"]
[EventDate "2017.??.??"]

1. c4 Nf6 2. Nc3 c5 3. e4 d6 4. g3 Nc6 5. Bg2 g6 6. Nge2 Bg7 7. O-O O-O 8. d3
Rb8 9. Rb1 a6 10. a3 Nd4 11. Nxd4 cxd4 12. Ne2 e5 13. h3 b5 14. cxb5 axb5 15.
Bd2 Nd7 16. f4 Qb6 17. Kh2 Bb7 {(=)} 1/2-1/2

[Event "SK Germania Kupferdreh 1 - Matt Inn Dor"]
[Site "Verbandsklasse, Gruppe 2 2017"]
[Date "2017.11.05"]
[Round "3.7"]
[White "Meinike, Thorsten"]
[Black "Beyer, Heinz"]
[Result "1/2-1/2"]
[WhiteElo "1721"]
[BlackElo "1593"]
[PlyCount "60"]
[EventDate "2017.??.??"]

1. d4 d5 2. c4 e6 3. Nc3 Nf6 4. Bg5 Be7 5. Nf3 dxc4 6. e3 O-O 7. Bxc4 a6 8. a4
c6 9. O-O Nbd7 10. Qc2 Nd5 11. Bxe7 Qxe7 12. e4 Nb4 13. Qb3 a5 14. Rfe1 Qd8 15.
Rad1 Nb6 16. Be2 Qc7 17. e5 N6d5 18. Ne4 b6 19. g3 Ba6 20. Nd6 Bxe2 21. Rxe2 f6
22. Rc1 fxe5 23. dxe5 c5 24. Ng5 Qe7 25. f4 h6 26. Nge4 Nc6 27. Rf2 Nd4 28. Qd3
Qd7 29. Nb5 Nxb5 30. axb5 Rad8 {(=)} 1/2-1/2

[Event "SK Germania Kupferdreh 1 - Matt Inn Dor"]
[Site "Verbandsklasse, Gruppe 2 2017"]
[Date "2017.11.05"]
[Round "3.8"]
[White "Fiedler, Christian"]
[Black "Strauß, Erich"]
[Result "0-1"]
[WhiteElo "1525"]
[BlackElo "1733"]
[PlyCount "116"]
[EventDate "2017.??.??"]

1. c4 d6 2. Nc3 g6 3. g3 f6 4. Bg2 Nh6 5. h3 c6 6. d3 Nf7 7. e4 Bg7 8. Nge2 O-O
9. O-O e5 10. f4 Nd7 11. f5 Bh6 12. Bxh6 Nxh6 13. Qd2 Kg7 14. g4 Rf7 15. Ng3
Ng8 16. h4 Kh8 17. b3 Qf8 18. Kf2 Qh6 19. Qxh6 Nxh6 20. Bf3 a6 21. Ke2 b5 22.
Rh1 b4 23. Na4 Rb8 24. g5 Ng8 25. h5 fxg5 26. hxg6 Re7 27. Rh2 h6 28. Rg1 Ndf6
29. Nh1 Kg7 30. Nf2 Bd7 31. Rgh1 a5 32. Ng4 Nxg4 33. Bxg4 Kf8 34. Nb2 Rg7 35.
Nd1 Rxg6 36. fxg6 Bxg4+ 37. Kd2 Bxd1 38. Rxd1 Kg7 39. Rf1 Kxg6 40. Rhf2 Re8 41.
Rf8 Rxf8 42. Rxf8 Nf6 43. Rd8 h5 44. Rxd6 h4 45. Ke2 g4 46. Kf2 Kg5 47. Re6 g3+
48. Kg2 Ng4 49. Re8 Ne3+ 50. Kg1 h3 51. Rxe5+ Kf4 52. Rh5 h2+ 53. Kh1 Kf3 54.
Rh8 Ng4 55. Rf8+ Ke3 56. Kg2 Nf2 57. Kxg3 h1=Q 58. Rxf2 Qe1 0-1

[Event "SC Rochade Rüttenscheid 1 - SF Brackel "]
[Site "Verbandsklasse, Gruppe 3 2017"]
[Date "2017.11.05"]
[Round "3.1"]
[White "Stemmler, Fabian"]
[Black "Dergatschova, Anna"]
[Result "1/2-1/2"]
[WhiteElo "1978"]
[BlackElo "2114"]
[PlyCount "109"]
[EventDate "2017.??.??"]

1. d4 d5 2. Bf4 Nc6 3. e3 e6 4. c4 Nf6 5. Nc3 Bb4 6. Rc1 Ne4 7. Nf3 g5 8. Be5
f6 9. Bg3 h5 10. h3 Nxg3 11. fxg3 Qd6 12. Kf2 h4 13. gxh4 gxh4 14. cxd5 exd5
15. Bb5 Qg3+ 16. Kf1 Rg8 17. Qe2 Bxc3 18. Rxc3 Bd7 19. Qf2 Qxf2+ 20. Kxf2 Rh8
21. Bxc6 Bxc6 22. Rhc1 O-O-O 23. b4 a6 24. Rc5 Rh7 25. Ne1 Bb5 26. R5c3 Rg8 27.
R1c2 Rhg7 28. a3 Ba4 29. Rd2 Rg3 30. Rc5 R8g5 31. Rc3 Rg7 32. Rc5 R7g5 33. Rc3
Kd7 34. Kf1 Bb5+ 35. Kf2 Kd6 36. Rdc2 Rg7 37. Kg1 Rxh3 38. Rf2 Ke6 39. Rf4 Rhg3
40. Rxh4 Be8 41. Kf2 R3g5 42. Rh2 Bg6 43. Nf3 Rg4 44. Rh4 Rxh4 45. Nxh4 Be4 46.
Nf3 Rh7 47. Rc1 Kd6 48. Nd2 Bd3 49. Rc3 Bf5 50. Nf1 Bg6 51. Ng3 b6 52. Rc1 Bd3
53. Rc3 Bg6 54. Rc1 Bd3 55. Rc3 1/2-1/2

[Event "SC Rochade Rüttenscheid 1 - SF Brackel "]
[Site "Verbandsklasse, Gruppe 3 2017"]
[Date "2017.11.05"]
[Round "3.2"]
[White "Khasin, Abram"]
[Black "Gerlach, Felix"]
[Result "1-0"]
[WhiteElo "2083"]
[BlackElo "1940"]
[PlyCount "47"]
[EventDate "2017.??.??"]

1. d4 Nf6 2. c4 g6 3. Nc3 Bg7 4. e4 d6 5. Be2 O-O 6. Be3 c5 7. e5 Nfd7 8. exd6
exd6 9. Nf3 Nc6 10. O-O Re8 11. Qd2 Qa5 12. Rfd1 Nf6 13. Nb5 Qxd2 14. Rxd2 Ne4
15. Rdd1 Re7 16. Bd3 Bg4 17. Bxe4 Rxe4 18. Nxd6 Bxf3 19. gxf3 Rh4 20. dxc5 Bxb2
21. Rab1 Bg7 22. Rxb7 Ne5 23. Re7 Nxf3+ 24. Kg2 1-0

[Event "SC Rochade Rüttenscheid 1 - SF Brackel "]
[Site "Verbandsklasse, Gruppe 3 2017"]
[Date "2017.11.05"]
[Round "3.3"]
[White "Garbuz, Vitaliy"]
[Black "Lindenmaier, Reinhard"]
[Result "1/2-1/2"]
[WhiteElo "1977"]
[BlackElo "1995"]
[Annotator "Daniel"]
[PlyCount "117"]
[EventDate "2017.??.??"]

1. e4 Nf6 2. e5 Nd5 3. c4 Nb6 4. d4 d6 5. f4 dxe5 6. fxe5 Nc6 7. Be3 Bf5 8. Nc3
e6 9. Nf3 Be7 10. d5 Nb4 11. Nd4 Bg6 12. a3 c5 13. axb4 cxd4 14. Qxd4 Bxb4 15.
dxe6 O-O 16. Qxd8 Rfxd8 17. Be2 fxe6 18. O-O Nd7 19. Bg4 Bf7 20. Bf3 Nxe5 21.
Bxb7 Rab8 22. Ba6 Nd3 23. Bxa7 Ra8 24. Bb6 Rdb8 25. Be3 e5 26. Nd5 Bxd5 27.
cxd5 e4 $11 28. Bxd3 exd3 29. Rxa8 Rxa8 30. Rd1 Ra2 31. Rxd3 Bd6 32. Bd4 Ra1+
33. Kf2 Bxh2 34. b4 Bg1+ 35. Kf3 Bxd4 36. Rxd4 Kf7 37. d6 Ke8 38. d7+ Kd8 39.
Kf4 Ra2 40. g4 Re2 41. b5 g6 42. g5 Rf2+ 43. Ke4 Re2+ 44. Kf4 Rf2+ 45. Kg4 Rg2+
46. Kh4 Rb2 47. Rd5 Rb1 48. Kg4 Rf1 49. b6 Rb1 50. Rd6 Rb4+ 51. Kf3 Rb5 52. Kf4
Rf5+ 53. Kg4 Rb5 54. Rf6 Kxd7 55. b7 Ke7 56. Rf4 $11 Rxb7 57. Re4+ Kf7 58. Rc4
Kg7 59. Rd4 1/2-1/2

[Event "SC Rochade Rüttenscheid 1 - SF Brackel "]
[Site "Verbandsklasse, Gruppe 3 2017"]
[Date "2017.11.05"]
[Round "3.4"]
[White "Dorgarten, Armin"]
[Black "Elier, Ali"]
[Result "0-1"]
[WhiteElo "1928"]
[BlackElo "1881"]
[Annotator "Daniel"]
[PlyCount "80"]
[EventDate "2017.??.??"]

1. d4 d5 2. Bf4 Nf6 3. c4 Bf5 4. Nc3 e6 5. Qb3 Qc8 6. cxd5 exd5 7. Nf3 c6 8.
Rc1 Qd7 9. Ne5 Qe7 10. a3 g6 11. e3 Nh5 12. Be2 Nxf4 13. exf4 Bh6 14. g3 Bh3
15. Qb4 Qxb4 16. axb4 f6 17. Nd3 a6 18. Ra1 O-O 19. Kd2 Nd7 20. Nc5 Nxc5 21.
bxc5 Rfe8 22. Rhe1 $11 g5 23. fxg5 fxg5 24. Bh5 Rf8 25. Nd1 g4+ 26. Kc3 Rf3+
27. Kb4 Bd2+ 28. Nc3 Bxe1 29. Rxe1 Kf8 30. Re5 Rxf2 31. Ne2 Bf1 32. Nf4 Rxb2+
33. Ka5 b6+ 34. cxb6 Rb5+ 35. Ka4 Rxb6 36. Rf5+ Kg8 37. Rg5+ Kh8 38. Rxg4 Rb1
39. Ng6+ hxg6 40. Bxg6 Rb2 0-1

[Event "SC Rochade Rüttenscheid 1 - SF Brackel "]
[Site "Verbandsklasse, Gruppe 3 2017"]
[Date "2017.11.05"]
[Round "3.5"]
[White "Wastian, Jan"]
[Black "Koprek, Juergen"]
[Result "0-1"]
[WhiteElo "1952"]
[BlackElo "1856"]
[PlyCount "38"]
[EventDate "2017.??.??"]

1. e4 e6 2. Nf3 d5 3. Nc3 d4 4. Ne2 c5 5. Ng3 Nc6 6. a3 a5 7. Bc4 Bd6 8. d3
Nge7 9. O-O O-O 10. Ne1 Ng6 11. f4 Qc7 12. Qg4 Bxf4 13. Bxf4 e5 14. Bxe5 Ncxe5
15. Qe2 Nxc4 16. dxc4 Ne5 17. b3 Ng4 18. Nf5 Bxf5 19. exf5 Qxh2# 0-1

[Event "SC Rochade Rüttenscheid 1 - SF Brackel "]
[Site "Verbandsklasse, Gruppe 3 2017"]
[Date "2017.11.05"]
[Round "3.6"]
[White "Bruckmann, Jochen"]
[Black "Seref, Erdogan"]
[Result "1/2-1/2"]
[WhiteElo "1787"]
[BlackElo "1789"]
[Annotator "Daniel"]
[PlyCount "114"]
[EventDate "2017.??.??"]

1. e4 e5 2. Nf3 Nc6 3. Bc4 Bc5 4. O-O d6 5. h3 Nf6 6. d3 h6 7. Be3 Bxe3 8. fxe3
Na5 9. Nbd2 Nxc4 10. Nxc4 O-O 11. c3 Be6 12. Ncd2 c6 13. d4 Qc7 14. Qe1 Rae8
15. Qg3 Nd7 16. Nh4 d5 17. Nf5 Bxf5 18. Rxf5 Qb6 19. b3 dxe4 20. Nc4 Qc7 21.
dxe5 b5 22. Nd6 Rxe5 23. Rxe5 Qxd6 24. Rg5 Qxg3 25. Rxg3 Ne5 26. Rd1 Nd3 27.
Rg4 Re8 28. Rxe4 Rxe4 29. Rxd3 Kf8 30. Kf2 Ke7 31. Kf3 Re5 32. Rd4 h5 33. a4
$11 a6 34. axb5 axb5 35. g4 h4 36. g5 Rxg5 37. Rxh4 Ke6 38. c4 bxc4 39. Rxc4
Kd5 40. Kf4 Rh5 41. e4+ Kd6 42. Kg4 Rb5 43. b4 f6 44. h4 g6 45. Kf4 Rh5 46. Kg4
Rh8 47. Rc5 Rb8 48. Rc4 Ke5 49. Kf3 Rb6 50. Kg4 Kd6 51. Kf4 Rb5 52. Rd4+ Ke6
53. Rc4 Kd6 54. Rd4+ Kc7 55. Rc4 Kb6 56. Rd4 Rh5 57. Kg4 Re5 1/2-1/2

[Event "SC Rochade Rüttenscheid 1 - SF Brackel "]
[Site "Verbandsklasse, Gruppe 3 2017"]
[Date "2017.11.05"]
[Round "3.7"]
[White "Kantor, Nikita"]
[Black "Foerster, Alexander"]
[Result "0-1"]
[WhiteElo "1804"]
[BlackElo "1685"]
[PlyCount "48"]
[EventDate "2017.??.??"]

1. e4 d6 2. d4 g6 3. Be3 Bg7 4. Be2 Nd7 5. Nf3 Ngf6 6. Nc3 e5 7. d5 b6 8. O-O
O-O 9. Nd2 Re8 10. h3 a6 11. g4 Nf8 12. f4 exf4 13. Bxf4 N6d7 14. Be3 Qh4 15.
Kg2 Ne5 16. Nf3 Qe7 17. Nd4 b5 18. a3 Bd7 19. Qd2 Rac8 20. Nf3 c5 21. dxc6 Bxc6
22. Bd4 Ne6 23. Nd5 Bxd5 24. exd5 Nxf3 0-1

[Event "SC Rochade Rüttenscheid 1 - SF Brackel "]
[Site "Verbandsklasse, Gruppe 3 2017"]
[Date "2017.11.05"]
[Round "3.8"]
[White "Kiparski, Manuel"]
[Black "Kracht, Raphael"]
[Result "1/2-1/2"]
[WhiteElo "1777"]
[BlackElo "1893"]
[Annotator "Daniel"]
[PlyCount "76"]
[EventDate "2017.??.??"]

1. d4 Nf6 2. Nf3 e6 3. e3 c5 4. c3 b6 5. Bd3 cxd4 6. exd4 Ba6 7. Bg5 Be7 8. Ne5
Bxd3 9. Nxd3 O-O 10. O-O Nc6 11. Nd2 d6 12. Qe2 Rc8 13. Rfe1 Re8 14. Rad1 Qc7
15. Nf4 d5 16. Nd3 h6 17. Bh4 Nd7 18. Bxe7 Nxe7 19. Nf3 Ng6 20. Nfe5 Ngxe5 21.
Nxe5 Nxe5 22. dxe5 Qc4 23. g3 b5 24. a3 a5 25. Rd4 Qxe2 26. Rxe2 Rc4 27. Rxc4
bxc4 28. f4 Kf8 29. Kf2 Ke7 30. Ke3 Kd7 31. Kd4 Kc6 32. a4 h5 33. h3 Rg8 34. h4
$11 Kd7 35. Kc5 Rc8+ 36. Kd4 Kc6 37. Rf2 Rb8 38. Re2 g6 1/2-1/2

[Event "Hervest-Dorstener SK 1 - SC Listiger Ba"]
[Site "Verbandsklasse, Gruppe 3 2017"]
[Date "2017.11.05"]
[Round "3.1"]
[White "Klups, Christoph"]
[Black "Doering, Carsten"]
[Result "0-1"]
[WhiteElo "1980"]
[BlackElo "1961"]
[PlyCount "102"]
[EventDate "2017.??.??"]

1. e4 c5 2. Nf3 g6 3. Nc3 Bg7 4. Bc4 Nc6 5. O-O e6 6. Re1 d6 7. a4 Nge7 8. d3
O-O 9. Bg5 b6 10. Qd2 Bb7 11. Nd1 Qd7 12. c3 Rfe8 13. Ne3 d5 14. Ng4 f6 15.
Bxf6 dxc4 16. Bxg7 Kxg7 17. Qh6+ Kh8 18. Nfe5 Nxe5 19. Nxe5 Qc7 20. Qf4 Rac8
21. Qf6+ Kg8 22. Ng4 h5 23. Qxe6+ Kg7 24. Qf6+ Kg8 25. Qe6+ Kg7 26. Ne5 Rf8 27.
Nxc4 Nc6 28. Nd6 Rcd8 29. e5 Ne7 30. Nxb7 Qxb7 31. Qc4 Rf5 32. d4 cxd4 33. cxd4
Rf4 34. Red1 Nf5 35. Rac1 Rd7 36. e6 Rg4 37. g3 Rdxd4 38. Qc7+ Qxc7 39. Rxc7+
Kf6 40. Re1 Rge4 41. Rxe4 Rxe4 42. Rf7+ Kxe6 43. Rxa7 Rb4 44. Ra6 Nd6 45. a5
bxa5 46. Rxa5 Rxb2 47. h4 Ne4 48. Ra6+ Kf5 49. Ra8 Kg4 50. Rf8 Nxg3 51. fxg3
Kxg3 0-1

[Event "Hervest-Dorstener SK 1 - SC Listiger Ba"]
[Site "Verbandsklasse, Gruppe 3 2017"]
[Date "2017.11.05"]
[Round "3.2"]
[White "Hermanowski, Mark"]
[Black "Kunisch, Siegfried"]
[Result "0-1"]
[WhiteElo "1840"]
[BlackElo "1967"]
[PlyCount "120"]
[EventDate "2017.??.??"]

1. e4 e5 2. f4 Qf6 3. Nf3 Qxf4 4. Nc3 Bb4 5. Qe2 Nf6 6. d3 Qg4 7. Nxe5 Qxe2+ 8.
Bxe2 d5 9. exd5 Nxd5 10. Bd2 Nxc3 11. bxc3 Be7 12. O-O O-O 13. Bf3 Bf6 14. Nc4
Nd7 15. d4 c5 16. Be3 Rb8 17. Bf4 cxd4 18. Bxb8 Nxb8 19. Nd6 Nc6 20. Rab1 dxc3
21. Nxc8 Rxc8 22. Rxb7 Nd4 23. Be4 Ne6 24. Rfb1 Bd4+ 25. Kf1 Bb6 26. Bd5 Rd8
27. Rd1 Kf8 28. Bf3 Nd4 29. Be4 f5 30. Bd3 Nb5 31. Re1 Nd6 32. Rbe7 Ne4 33. Re5
Nd2+ 34. Ke2 g6 35. Kd1 Nc4 36. Kc1 Nxe5 37. Rxe5 Kf7 38. Rb5 Rd4 39. Rb3 Rg4
40. g3 Bd4 41. Kd1 h5 42. Be2 Re4 43. Rb7+ Kf6 44. Rd7 Ke6 45. Rd8 Be5 46. Ra8
Ra4 47. Bb5 Rd4+ 48. Bd3 h4 49. gxh4 Rxh4 50. Rxa7 Rxh2 51. Ra6+ Kf7 52. a4
Rd2+ 53. Kc1 Bf4 54. Kb1 Rd1+ 55. Ka2 Rxd3 56. Kb3 Re3 57. a5 g5 58. Ra8 Re7
59. a6 Be3 60. Kc4 g4 0-1

[Event "Hervest-Dorstener SK 1 - SC Listiger Ba"]
[Site "Verbandsklasse, Gruppe 3 2017"]
[Date "2017.11.05"]
[Round "3.3"]
[White "Wagner, Ole"]
[Black "Tig, Achmet"]
[Result "1/2-1/2"]
[WhiteElo "1950"]
[BlackElo "1916"]
[PlyCount "46"]
[EventDate "2017.??.??"]

1. e4 c5 2. Nf3 d6 3. Nc3 Nc6 4. Bb5 Bd7 5. O-O Nf6 6. Re1 e5 7. d3 Be7 8. Bg5
O-O 9. h3 a6 10. Bc4 b5 11. Bxf6 Bxf6 12. Bd5 b4 13. Ne2 Rb8 14. Ng3 g6 15. c3
Ne7 16. Bc4 bxc3 17. bxc3 Qa5 18. Qd2 Qa3 19. Rab1 Nc6 20. Bd5 Ne7 21. Rb3 Rxb3
22. Bxb3 Rb8 23. Rb1 Be6 1/2-1/2